00595nam a22002057a 450000500170000001000150001702000260003203500130005803500130007103500130008403700130009703700170011008200100012710000210013724500610015826000350021927000650025430000200031950000500033920180308123233.0 aENG-109773 a9789382730019c995.00 aEN-93306 aB-536718 aB-667695 bDBAD/PUB bKKP/Venadpl a025.1 aDhandar, Sangita00aFundamentals of library management /cby Sangita Dhandar aKanpurbGarima Prakashanc2013 a1st floor, Mayur Park, Basant Vihar NaubastabKanpure208021 a326p.c22cm(Hb) aIncludes bibliographical references and index